000
00204nam a22000977a 4500
999
_c
12419
_d
12419
020
_a
0-321-00927-4
082
_a
332.024
100
_a
George E. Rejda
245
_a
Personal Financial Planning
942
_c
BK